000 00752cam a2200277 4500
008 090401t1997 xxu||||| |||| 00| 0 eng d
020 _a0333688090
035 _a(Sirsi) u80390
041 _aeng
050 _a658.404
100 _aTurner, Alan
245 _aBuilding procurement
250 _a2nd
260 _aBasingstoke
_bMacMillan
_c1997
300 _axvii, 210p. ; 24cm.
350 _a18.99
490 _aMacmillan Building and Surveying Series
650 _aBUILT ENVIRONMENT-BUILDING CONTRACT FORMS
650 _aBUILT ENVIRONMENT-CONSTRUCTION DESIGN
650 _aBUILDING PROCUREMENT
650 _aDESIGN AND BUILD
650 _aPROCUREMENT METHODS
690 _aBUILT ENVIRONMENT
942 _n0
948 _c21/08/1997
999 _c96616
_d96616